Kvalita života a možnosti jej konceptualizácie v kontexte vzdelávania dospelých
Pojem kvalita života a jeho chrakteristika. Životná úroveň a kvalita života. Individuálna kvalita života. Termín životný štýl, ako forma ľudských vzťahov, konania, vedomia a vecného prostredia. Aplikačné (medicínske a sociálno-intervenčné) koncepty kvality života. Syntetizujúce modely kvality život...
Salvato in:
| Autore principale: | |
|---|---|
| Natura: | Capitolo di libro |
| Lingua: | slovacco |
| Soggetti: | |
| Tags: |
Nessun Tag, puoi essere il primo ad aggiungerne!!
|
MARC
| LEADER | 00000naa$a2200000$$$4500 | ||
|---|---|---|---|
| 001 | 0024900 | ||
| 005 | 20230918124857.2 | ||
| 041 | 0 | |a slo | |
| 044 | |a SK | ||
| 245 | 1 | 0 | |a Kvalita života a možnosti jej konceptualizácie v kontexte vzdelávania dospelých |c Rozália Čornaničová |
| 520 | |a Pojem kvalita života a jeho chrakteristika. Životná úroveň a kvalita života. Individuálna kvalita života. Termín životný štýl, ako forma ľudských vzťahov, konania, vedomia a vecného prostredia. Aplikačné (medicínske a sociálno-intervenčné) koncepty kvality života. Syntetizujúce modely kvality života (prakticistické a teoretické). Základné oblasti kvality života podľa WHO (Svetová zdravotnícka organizácia). Kvalita života, životné hodnoty, zmysel života. Vymedzenie základných charkteristických čŕt pojmu kvalita života. | ||
| 610 | 2 | 0 | |a kvalita života |
| 610 | 2 | 0 | |a štýl životný |
| 610 | 2 | 0 | |a pojmy |
| 610 | 2 | 0 | |a úroveň životná |
| 610 | 2 | 0 | |a sociológia psychologická |
| 610 | 2 | 0 | |a hodnota |
| 610 | 2 | 0 | |a správanie sociálne |
| 610 | 2 | 0 | |a rovnováha sociálna |
| 100 | 1 | |a Čornaničová, Rozália | |